Indianerkunst der amerikanischen Nordwestküste (Record no. 9768)

MARC details
000 -CABECERA
campo de control de longitud fija 01017nam a2200265 a 4500
001 - NÚMERO DE CONTROL
campo de control BRL_956
005 - FECHA Y HORA DE LA ÚLTIMA TRANSACCIÓN
campo de control 20190320210953.0
008 - DATOS DE LONGITUD FIJA--INFORMACIÓN GENERAL
campo de control de longitud fija 281013s1967----gw-a######---#000-0#ger-#
041 ## - CÓDIGO DE LENGUA
Código de lengua del texto/banda sonora o título independiente ger
044 ## - CÓDIGO DEL PAÍS DE LA ENTIDAD EDITORA/PRODUCTORA
Código MARC del país gw
050 #4 - SIGNATURA TOPOGRÁFICA DE LA BIBLIOTECA DEL CONGRESO
Número de clasificación E78.N78
Número de documento/Ítem .S54 1967
100 1# - ENTRADA PRINCIPAL--NOMBRE DE PERSONA
Nombre de persona Siebert, Erna
9 (RLIN) 19610
245 10 - MENCIÓN DE TÍTULO
Título Indianerkunst der amerikanischen Nordwestküste
Mención de responsabilidad, etc. Erna Siebert [y] Werner Forman.
260 ## - PUBLICACIÓN, DISTRIBUCIÓN, ETC.
Lugar de publicación, distribución, etc. Czechoslavakia
Nombre del editor, distribuidor, etc. Artia
Fecha de publicación, distribución, etc. 1967
300 ## - DESCRIPCIÓN FÍSICA
Extensión 47 p.
Otras características físicas il., láminas
Dimensiones 30 cm.
500 ## - NOTA GENERAL
Nota general Au993
500 ## - NOTA GENERAL
Nota general Katalog von Erna Siebert und Nina Smirnowa. Photographien von Werner Forman.
504 ## - NOTA DE BIBLIOGRAFÍA, ETC.
Nota de bibliografía, etc. Bibliografía: p. 44-47
650 14 - PUNTO DE ACCESO ADICIONAL DE MATERIA--TÉRMINO DE MATERIA
Término de materia o nombre geográfico como elemento de entrada Arte indígena
Subdivisión de forma Exposiciones
Subdivisión geográfica Costa Noroeste de América del Norte
9 (RLIN) 25112
650 14 - PUNTO DE ACCESO ADICIONAL DE MATERIA--TÉRMINO DE MATERIA
Término de materia o nombre geográfico como elemento de entrada Indígenas de America del Norte
Subdivisión de forma Exposiciones
Subdivisión general Indumentaria
Subdivisión geográfica Costa Noroeste de América del Norte
9 (RLIN) 25441
650 14 - PUNTO DE ACCESO ADICIONAL DE MATERIA--TÉRMINO DE MATERIA
Término de materia o nombre geográfico como elemento de entrada Indígenas de America del Norte
Subdivisión de forma Exposiciones
Subdivisión general Máscaras
Subdivisión geográfica Costa Noroeste de América del Norte
9 (RLIN) 25442
700 1# - PUNTO DE ACCESO ADICIONAL--NOMBRE DE PERSONA
Nombre de persona Forman, Werner
9 (RLIN) 25443
902 ## - CATALOGADOR
Iniciales GRL
942 ## - ELEMENTOS DE PUNTO DE ACCESO ADICIONAL (KOHA)
Fuente del sistema de clasificación o colocación Library of Congress Classification
Tipo de ítem Koha Libros
Holdings
Estado de retiro Estado de pérdida Estado dañado No para préstamo Localización permanente Ubicación/localización actual Fecha de adquisición Número de inventario Total de préstamos Signatura topográfica completa Código de barras Fecha visto por última vez Precio válido a partir de Tipo de ítem Koha
El ejemplar forma parte de la colección y puede ser consultado según las políticas vigentes.       Biblioteca Centro de Estudios Ruth D. Lechuga Biblioteca Centro de Estudios Ruth D. Lechuga 28/10/2013 Au993   E78.N78 .S54 1967 (Au993) GRL01033 22/03/2019 22/03/2019 Libros